Singarevva and the Palace/ (Record no. 176024)

MARC details
000 -LEADER
fixed length control field 00584nam a22001937a 4500
005 - DATE AND TIME OF LATEST TRANSACTION
control field 20201019154922.0
010 ## - LCCN (DPL NO)
LC control number ENG-128582
020 ## - INTERNATIONAL STANDARD BOOK NUMBER
International Standard Book Number 9788187649182
Terms of availability 295.00
035 ## - SYSTEM CONTROL NUMBER
System control number EN-112114
037 ## - SOURCE OF ACQUISITION
Source of stock number/acquisition DBAD/PUB
082 ## - DEWEY DECIMAL CLASSIFICATION NUMBER
Classification number N
100 ## - MAIN ENTRY--PERSONAL NAME
Personal name Kambar, Chandrasekhar
245 ## - TITLE STATEMENT
Title Singarevva and the Palace/
Statement of responsibility, etc by Chandrasekhar Kambar; translated by Laxmi Chandrashekhar
260 ## - PUBLICATION, DISTRIBUTION, ETC. (IMPRINT)
Place of publication, distribution, etc New Delhi
Name of publisher, distributor, etc Katha
Date of publication, distribution, etc 2002
270 ## - ADDRESS
Address A-3 Sarvodaya Enclave, Sri Aurbindo Marg
City New Delhi
Postal code 110017
300 ## - PHYSICAL DESCRIPTION
Extent 211p..
Dimensions 22cm(pbk)
700 ## - ADDED ENTRY--PERSONAL NAME
Personal name Chandrashekar, Laxmi
942 ## - ADDED ENTRY ELEMENTS (KOHA)
Source of classification or shelving scheme Dewey Decimal Classification
Item type English Books
Classification part N
Call number suffix KAM
Holdings
Withdrawn status Lost status Not for loan Collection code Home library Current library Date acquired Source of acquisition Cost, normal purchase price Full call number Barcode Cost, replacement price Koha item type
      Non-fiction Ashok Vihar Ashok Vihar 19/10/2020 DBAD/PUB 295.00 N KAM EN-112114 295.00 English Books

© Delhi Public Library
Hit Counter
free hit counter